[Event "East Lansing (MI Am/4)"]
[Site "?"]
[Date "1992.??.??"]
[Round "?"]
[White "Aydar, A."]
[Black "Curtis, E."]
[Result "1-0"]
[WhiteElo "1605"]
[BlackElo "1605"]
[PlyCount "99"]
[EventDate "1992.??.??"]

1. b3 b6 2. Bb2 e6 3. c4 Nf6 4. d4 d5 5. e3 Ba6 6. Nd2 Ne4 7. Nxe4 dxe4 8. a3
Nc6 9. Qg4 Na5 10. Qd1 f5 11. Rc1 Nc6 12. Qh5+ g6 13. Qh3 Bg7 14. b4 Ne7 15. b5
Bb7 16. Be2 a6 17. f3 exf3 18. Nxf3 Qd6 19. O-O h6 20. Rcd1 O-O-O 21. Ra1 h5
22. Ng5 Rdf8 23. Bf3 Bf6 24. Bxb7+ Kxb7 25. Qf3+ c6 26. bxa6+ Kxa6 27. Qe2 c5
28. dxc5 Qxc5 29. Bxf6 Rxf6 30. Rfe1 f4 31. Ne4 Qxe3+ 32. Qxe3 fxe3 33. Nxf6
Rf8 34. Nd7 Rd8 35. Ne5 Nf5 36. Nxg6 Rd2 37. Nf4 Nd4 38. Rad1 e5 39. Nd5 Rxd1
40. Rxd1 e2 41. Re1 Ka5 42. Kf2 h4 43. Nc3 h3 44. gxh3 b5 45. cxb5 Kb6 46. a4
Ka5 47. Nxe2 Kxa4 48. Nxd4 exd4 49. Rb1 d3 50. Ke3 1-0

[Event "Flint (MEX/2)"]
[Site "?"]
[Date "1992.??.??"]
[Round "?"]
[White "Avery, Robert W"]
[Black "Vandivier, Don"]
[Result "1-0"]
[WhiteElo "2220"]
[BlackElo "2050"]
[PlyCount "123"]
[EventDate "1992.??.??"]

1. d4 Nf6 2. c4 e6 3. Nc3 d5 4. Bg5 Be7 5. Nf3 O-O 6. e3 a6 7. c5 b6 8. b4 a5
9. a3 axb4 10. axb4 Rxa1 11. Qxa1 Nc6 12. Qa4 Bd7 13. b5 Nxd4 14. exd4 bxc5 15.
dxc5 Bxc5 16. Be2 Be7 17. O-O Qa8 18. Ra1 Qxa4 19. Rxa4 h6 20. Bf4 Rc8 21. Ne5
g5 22. Bg3 Bc5 23. h4 c6 24. Nxd7 Nxd7 25. bxc6 Nb6 26. Ra6 Rxc6 27. hxg5 hxg5
28. Na4 Bd4 29. Nxb6 Rxb6 30. Rxb6 Bxb6 31. Be5 Bd8 32. Bh5 f6 33. Bb2 Kf8 34.
Kf1 Ke7 35. Ba3+ Kd7 36. Bf7 Bb6 37. Ke2 Bd4 38. f3 f5 39. Kd3 Bf6 40. Bb4 Bd8
41. Bg8 Bf6 42. g4 fxg4 43. fxg4 Bd8 44. Ba3 Bf6 45. Bb4 Bd8 46. Bc3 Kd6 47.
Bg7 e5 48. Bf8+ Kc6 49. Bf7 Bf6 50. Be8+ Kc7 51. Bc5 e4+ 52. Ke3 Kb7 53. Bb5
Kc7 54. Ba4 Kb7 55. Bd4 Be7 56. Kd2 Kc7 57. Kc3 Kd6 58. Kb4 Ke6+ 59. Kb5 Bd6
60. Bb3 Be5 61. Kc5 Bd6+ 62. Kc6 1-0

[Event "Detroit (Pan Am/6)"]
[Site "?"]
[Date "1992.??.??"]
[Round "?"]
[White "Avery, Robert W"]
[Black "Turner, Keita"]
[Result "1-0"]
[WhiteElo "2200"]
[BlackElo "1745"]
[PlyCount "81"]
[EventDate "1992.??.??"]

1. c4 Nf6 2. Nc3 g6 3. e4 d6 4. d4 Bg7 5. f3 O-O 6. Be3 e5 7. d5 h6 8. Qd2 Kh7
9. O-O-O b6 10. Bd3 a5 11. Bc2 a4 12. Bxa4 Bd7 13. Bxd7 Nfxd7 14. Kb1 Na6 15.
Nge2 Qc8 16. Nb5 Ndc5 17. b4 Nd7 18. a3 f5 19. Nec3 Nf6 20. Qd3 Nh5 21. Rhf1
Nf4 22. Qc2 fxe4 23. Nxe4 Qf5 24. h4 Qf7 25. Kb2 Nh5 26. Kb3 Nf6 27. Nbc3 Ng8
28. Rh1 Qd7 29. h5 Qe8 30. hxg6+ Kh8 31. Ng5 Rf6 32. Nf7+ Rxf7 33. gxf7 Qxf7
34. Ne4 Qe8 35. g4 Qd7 36. Rh3 Nc5+ 37. bxc5 Qa4+ 38. Kc3 Qxa3+ 39. Kd2 Qb4+
40. Ke2 Ra3 41. Bd2 1-0

[Event "Detroit (Pan Am/5)"]
[Site "?"]
[Date "1992.??.??"]
[Round "?"]
[White "Avery, Robert W"]
[Black "Pukel, B."]
[Result "1-0"]
[WhiteElo "2200"]
[BlackElo "1900"]
[PlyCount "99"]
[EventDate "1992.??.??"]

1. d4 Nf6 2. c4 g6 3. Nc3 Bg7 4. e4 d6 5. f3 O-O 6. Be3 e5 7. d5 Nh5 8. Qd2 f5
9. Nge2 f4 10. Bf2 Rf7 11. c5 g5 12. cxd6 cxd6 13. O-O-O g4 14. Kb1 Bf8 15. Nc1
g3 16. Be1 gxh2 17. Rxh2 Ng3 18. Bf2 Be7 19. Bd3 Bg5 20. Nb3 b6 21. a4 Rg7 22.
Rc1 Na6 23. Nb5 Rg6 24. Ka2 Nc5 25. Nxc5 bxc5 26. b4 a6 27. Na3 cxb4 28. Qxb4
Bd7 29. a5 Qe8 30. Rb1 Bc8 31. Nc4 Be7 32. Ka3 Qb5 33. Qc3 Qe8 34. Nb6 Rb8 35.
Qd2 Bb7 36. Bc2 Bd8 37. Ba4 Qe7 38. Nd7 Rc8 39. Rxb7 Nf1 40. Bh4 Qxh4 41. Rxh4
Nxd2 42. Rh2 Nc4+ 43. Ka2 Ne3 44. Nb6 Bxb6 45. axb6 Nf1 46. Rc7 Rb8 47. b7 Kh8
48. Rcxh7+ Kg8 49. Rh8+ Kf7 50. R2h7+ 1-0

[Event "Flint (MEX/3)"]
[Site "?"]
[Date "1992.??.??"]
[Round "?"]
[White "Avery, Robert W"]
[Black "Fuller, William"]
[Result "1-0"]
[WhiteElo "2220"]
[BlackElo "2145"]
[PlyCount "66"]
[EventDate "1992.??.??"]

1. d4 e6 2. c4 Nf6 3. Nc3 Bb4 4. Qc2 c5 5. dxc5 Bxc5 6. Nf3 b6 7. Bg5 Bb7 8. e3
Nc6 9. Rd1 O-O 10. Be2 Be7 11. O-O Rc8 12. e4 Ng4 13. Bxe7 Qxe7 14. Nb5 d5 15.
exd5 exd5 16. Nfd4 Nxd4 17. Rxd4 Ne5 18. Nxa7 Rce8 19. cxd5 Qf6 20. Nb5 Rc8 21.
Qd2 Qg6 22. Nc3 Rfe8 23. f4 Nd7 24. f5 Qd6 25. Bb5 Rcd8 26. Kh1 Re5 27. Ne4 Qe7
28. d6 Qh4 29. Nc5 Qh5 30. Nxb7 Rxb5 31. Nxd8 Rxf5 32. Re1 Qg6 33. Nc6 Qf6 1-0

[Event "Detroit (Pan Am/2)"]
[Site "?"]
[Date "1992.??.??"]
[Round "?"]
[White "Avery, Robert W"]
[Black "Conlon, Russell"]
[Result "1-0"]
[WhiteElo "2200"]
[BlackElo "1805"]
[PlyCount "67"]
[EventDate "1992.??.??"]

1. c4 Nf6 2. Nc3 d6 3. d4 c6 4. e4 e5 5. d5 Be7 6. Be2 O-O 7. Nf3 a5 8. O-O Na6
9. Qc2 Nc5 10. Be3 Qc7 11. Nd2 Ng4 12. Bxg4 Bxg4 13. a3 Na6 14. Rab1 c5 15.
Rbe1 Bd7 16. f4 exf4 17. Bxf4 Bf6 18. Nf3 Be5 19. Bxe5 dxe5 20. d6 Qxd6 21. Rd1
Qe7 22. Nxe5 Be6 23. Rfe1 f6 24. Nf3 Rad8 25. Nd5 Bxd5 26. exd5 Qc7 27. Re4 Rd7
28. Rde1 Qd8 29. Qa4 Nb8 30. Re6 Qc7 31. Qb5 g6 32. h4 h5 33. R1e3 Kg7 34. Nd2
1-0

[Event "Lansing (Apr)"]
[Site "?"]
[Date "1992.??.??"]
[Round "?"]
[White "Asbury, Victor"]
[Black "Sundeen, David"]
[Result "1-0"]
[WhiteElo "1605"]
[BlackElo "1725"]
[PlyCount "119"]
[EventDate "1992.??.??"]

1. c4 Nf6 2. Nc3 g6 3. g3 Bg7 4. Bg2 O-O 5. e3 Nc6 6. Nge2 d6 7. O-O Rb8 8. a3
Ne5 9. d3 c6 10. Qc2 Qc7 11. Bd2 Rd8 12. Rad1 d5 13. b3 Bf5 14. e4 dxe4 15.
dxe4 Bg4 16. f3 Be6 17. Bf4 Nh5 18. Rxd8+ Rxd8 19. Rd1 Rxd1+ 20. Qxd1 Qb6+ 21.
Kf1 Nxf4 22. Nxf4 Bc8 23. Na4 Qc7 24. Ne2 b5 25. cxb5 cxb5 26. Nac3 a6 27. Nd5
Qd6 28. Qc1 Be6 29. Qc7 Qxc7 30. Nxc7 Bxb3 31. Nxa6 Nc4 32. Nc1 Ba4 33. Nc5
Nxa3 34. Nxa4 bxa4 35. f4 Nc2 36. Na2 Ne3+ 37. Kf2 Nxg2 38. Kxg2 Bc3 39. Nxc3
a3 40. Kf2 Kg7 41. Ke3 e6 42. Kd4 Kf6 43. g4 g5 44. f5 exf5 45. exf5 h6 46. h3
Ke7 47. Ke5 f6+ 48. Kd5 Kd7 49. Kc5 Kc7 50. Kb4 Kd6 51. Kxa3 Ke5 52. Kb4 Kf4
53. Nd5+ Ke5 54. Kc5 h5 55. Nxf6 Kxf6 56. Kd6 hxg4 57. hxg4 Kf7 58. Ke5 Kg7 59.
f6+ Kf7 60. Kf5 1-0

[Event "Flint (Class B/3)"]
[Site "?"]
[Date "1992.??.??"]
[Round "?"]
[White "Asbury, Victor"]
[Black "Lewis, C."]
[Result "1-0"]
[WhiteElo "1640"]
[BlackElo "1680"]
[PlyCount "99"]
[EventDate "1992.??.??"]

1. c4 Nf6 2. Nc3 g6 3. g3 d6 4. Bg2 c6 5. e3 Bg7 6. Nge2 O-O 7. O-O e6 8. Rb1
d5 9. b3 Nbd7 10. d3 Nb6 11. c5 Nbd7 12. b4 Ne5 13. f4 Neg4 14. h3 d4 15. Nxd4
Nh6 16. a4 Nd5 17. Nxd5 exd5 18. Nc2 Nf5 19. Kh2 Re8 20. e4 dxe4 21. dxe4 Ne7
22. Qd6 Be6 23. Rd1 Ba2 24. Rb2 Bxb2 25. Bxb2 Nd5 26. exd5 cxd5 27. Be5 Bb3 28.
Rd2 Re6 29. Qxd8+ Rxd8 30. Nd4 Rxe5 31. fxe5 Bc4 32. e6 Re8 33. exf7+ Kxf7 34.
Rf2+ Kg7 35. Nb5 h5 36. Nd6 Rf8 37. Rxf8 Kxf8 38. Nxb7 d4 39. Bf3 d3 40. b5 d2
41. Nd6 Bb3 42. b6 Bd5 43. Bd1 axb6 44. cxb6 Ke7 45. b7 Bxb7 46. Nxb7 Kd7 47.
Nc5+ Kc6 48. Ne4 Kd5 49. Nxd2 Kc5 50. Kg2 1-0

[Event "Flint (Class B/1)"]
[Site "?"]
[Date "1992.??.??"]
[Round "?"]
[White "Asbury, Victor"]
[Black "Conlon, Russell"]
[Result "0-1"]
[WhiteElo "1640"]
[BlackElo "1720"]
[PlyCount "91"]
[EventDate "1992.??.??"]

1. c4 Nf6 2. Nc3 d6 3. g3 c6 4. Bg2 Nbd7 5. e3 e5 6. Nge2 Be7 7. O-O a5 8. b3
O-O 9. f4 Re8 10. fxe5 dxe5 11. d4 Qc7 12. d5 Rb8 13. e4 Bc5+ 14. Kh1 Ng4 15.
Qd3 Nf2+ 16. Rxf2 Bxf2 17. Be3 Bxe3 18. Qxe3 Nf6 19. Rf1 b6 20. c5 cxd5 21.
cxb6 Qxb6 22. Qxb6 Rxb6 23. Nxd5 Nxd5 24. exd5 Ba6 25. Re1 Bxe2 26. Rxe2 a4 27.
Rb2 axb3 28. axb3 Reb8 29. d6 Rxb3 30. Rxb3 Rxb3 31. d7 Rd3 32. Bc6 g6 33. Kg2
Kf8 34. Kf2 Ke7 35. Ke2 Rxd7 36. Ke3 Rd6 37. Bb5 f5 38. Bc4 Kf6 39. Bg8 h6 40.
h4 g5 41. h5 Ra6 42. Bd5 Ra3+ 43. Kf2 e4 44. g4 e3+ 45. Ke2 fxg4 46. Bc4 0-1

[Event "Flint (Class C/3)"]
[Site "?"]
[Date "1992.??.??"]
[Round "?"]
[White "Arnold, L."]
[Black "Walker, LeRoy"]
[Result "0-1"]
[WhiteElo "1605"]
[BlackElo "1605"]
[PlyCount "59"]
[EventDate "1992.??.??"]

1. f4 e5 2. fxe5 d6 3. Nf3 dxe5 4. e4 Bc5 5. Bc4 Qe7 6. Qe2 Nc6 7. d3 f6 8. Be3
Bxe3 9. Qxe3 Qb4+ 10. Nbd2 Qxb2 11. O-O Qb6 12. Qxb6 axb6 13. c3 Nge7 14. d4
Ng6 15. d5 Na5 16. g3 Nxc4 17. Nxc4 Bd7 18. Rf2 Ra6 19. Rd1 O-O 20. Ne3 Rfa8
21. Rdd2 Ra3 22. d6 c6 23. Nc4 R3a6 24. Ne3 Nf8 25. Nh4 Ne6 26. Rfe2 Ng5 27.
Nef5 g6 28. Ne7+ Kg7 29. c4 Ra3 30. Re1 0-1

[Event "Flint (Class C/1)"]
[Site "?"]
[Date "1992.??.??"]
[Round "?"]
[White "Arnold, L."]
[Black "Mannor, Eric"]
[Result "1-0"]
[WhiteElo "1605"]
[BlackElo "1605"]
[PlyCount "63"]
[EventDate "1992.??.??"]

1. f4 d5 2. Nf3 Nc6 3. e3 a6 4. b3 Nf6 5. Bb2 Bf5 6. Be2 e6 7. Nc3 Be7 8. d3
O-O 9. h3 Bg6 10. Qd2 Nd7 11. O-O-O Nb6 12. g4 h6 13. h4 d4 14. exd4 Nxd4 15.
Nxd4 Qxd4 16. h5 Bh7 17. g5 hxg5 18. fxg5 Qd8 19. Rdg1 Bc5 20. Rg2 g6 21. Ne4
Bd4 22. Nf6+ Kg7 23. Bxd4 Qxd4 24. Kb1 Nd5 25. Nxd5 Qxd5 26. Rgh2 Rh8 27. Qf4
Qf5 28. Qxc7 b5 29. h6+ Kg8 30. Rf1 Qxf1+ 31. Bxf1 Rf8 32. Rf2 1-0

[Event "East Lansing (MI Am/1)"]
[Site "?"]
[Date "1992.??.??"]
[Round "?"]
[White "Arganian, David H"]
[Black "Wright, Ken"]
[Result "1-0"]
[WhiteElo "1810"]
[BlackElo "1605"]
[PlyCount "95"]
[EventDate "1992.??.??"]

1. e4 Nc6 2. d4 e6 3. Nf3 Be7 4. Nc3 Bb4 5. Bd3 Nf6 6. O-O a6 7. e5 Nd5 8. Nxd5
exd5 9. c3 Be7 10. Qb3 O-O 11. Qxd5 d6 12. Qe4 g6 13. Qe2 d5 14. Bh6 Re8 15.
Qc2 Bg4 16. Nd2 Bg5 17. Bxg5 Qxg5 18. f4 Qh4 19. Nf3 Qh5 20. Rae1 Ne7 21. Qf2
Bf5 22. Be2 Qh6 23. Ng5 Qg7 24. g4 Bd7 25. Kh1 h6 26. Nh3 Rac8 27. Rg1 Kf8 28.
Ref1 Qh7 29. Bd3 Bb5 30. Bxb5 axb5 31. f5 g5 32. Qe2 c6 33. Nf2 Rc7 34. Nd3 b6
35. Rg3 c5 36. Rh3 cxd4 37. cxd4 Rec8 38. Qe3 Ra8 39. a3 Kg8 40. Nb4 Rd8 41.
Rh5 Kh8 42. Rf3 Ng8 43. Rfh3 Qg7 44. Rxg5 Qf8 45. f6 Rdc8 46. Rg7 Rc1+ 47. Kg2
Rd1 48. Rxh6+ 1-0

[Event "East Lansing (MI Am/5)"]
[Site "?"]
[Date "1992.??.??"]
[Round "?"]
[White "Arganian, David H"]
[Black "Letourneau, Keith"]
[Result "1-0"]
[WhiteElo "1810"]
[BlackElo "1605"]
[PlyCount "67"]
[EventDate "1992.??.??"]

1. e4 c6 2. d4 d5 3. exd5 cxd5 4. Bd3 Nc6 5. c3 Nf6 6. Bf4 Bg4 7. Qb3 Qc8 8.
Nd2 e6 9. Ngf3 a6 10. O-O Qd7 11. h3 Bh5 12. Rfe1 Bd6 13. Bxd6 Qxd6 14. Ne5 Qc7
15. Ndf3 Nxe5 16. Nxe5 Nd7 17. a4 Nxe5 18. Rxe5 Bg6 19. Bxg6 hxg6 20. Qxd5 O-O
21. Qf3 Rac8 22. h4 Qb6 23. Qe2 Rc6 24. h5 f6 25. Re3 gxh5 26. Re1 Kf7 27.
Qxh5+ Kg8 28. Qe2 Kf7 29. d5 exd5 30. Re7+ Kg8 31. Qg4 g5 32. Qh5 Rf7 33. Qxf7+
Kh8 34. Re8# 1-0

[Event "Lansing (Aug)"]
[Site "?"]
[Date "1992.??.??"]
[Round "?"]
[White "Arganian, David H"]
[Black "Imai, Toshio"]
[Result "1/2-1/2"]
[WhiteElo "1820"]
[BlackElo "1700"]
[PlyCount "40"]
[EventDate "1992.??.??"]

1. e4 e5 2. Nf3 Nc6 3. Bc4 Nf6 4. d3 Bc5 5. Nc3 d6 6. Bg5 Na5 7. Nd5 Nxc4 8.
dxc4 h6 9. Nxf6+ gxf6 10. Bh4 Rg8 11. Qd2 Be6 12. b3 a5 13. c3 Rg6 14. a4 c6
15. O-O-O b5 16. b4 axb4 17. cxb4 Bxb4 18. Qxb4 Rxa4 19. Qxd6 Rxc4+ 20. Kb2 Qa5
1/2-1/2

[Event "East Lansing (MI Am/3)"]
[Site "?"]
[Date "1992.??.??"]
[Round "?"]
[White "Arganian, David H"]
[Black "Grzegorczyk, Ron"]
[Result "1-0"]
[WhiteElo "1810"]
[BlackElo "1665"]
[PlyCount "41"]
[EventDate "1992.??.??"]

1. e4 c5 2. g3 Nc6 3. Bg2 e5 4. d3 Nf6 5. Ne2 d6 6. c3 Be7 7. O-O O-O 8. Nd2
Be6 9. h3 d5 10. Qc2 dxe4 11. dxe4 Qc8 12. Kh2 h6 13. f4 Nh7 14. f5 Bd7 15. Nc4
b5 16. Ne3 Bg5 17. Nd5 Qd8 18. Bxg5 Nxg5 19. Rad1 Be8 20. f6 g6 21. Ne7+ 1-0

[Event "East Lansing (MI Am/3)"]
[Site "?"]
[Date "1992.??.??"]
[Round "?"]
[White "Anderson, M."]
[Black "Skidmore, Mike"]
[Result "0-1"]
[WhiteElo "1680"]
[BlackElo "1925"]
[PlyCount "102"]
[EventDate "1992.??.??"]

1. e4 c6 2. d4 d5 3. Nc3 dxe4 4. Nxe4 Bf5 5. Ng3 Bg6 6. Nf3 e6 7. Bd3 Bxd3 8.
Qxd3 Be7 9. O-O Nf6 10. Ne4 Nbd7 11. Bf4 Nxe4 12. Qxe4 Nf6 13. Qd3 Qb6 14. c3
O-O 15. Qc2 Rac8 16. Ne5 c5 17. Nc4 Qa6 18. Nd2 cxd4 19. c4 Nd7 20. b3 e5 21.
Qf5 Qe6 22. Qxe6 fxe6 23. Bg3 Bb4 24. Ne4 h6 25. a3 Be7 26. Rfe1 Bf6 27. Nd6
Rb8 28. Nb5 a6 29. Nxd4 exd4 30. Bxb8 Rxb8 31. Rxe6 Nc5 32. Rd6 Nxb3 33. Rd1
Rc8 34. Rd7 Nc5 35. Rd5 d3 36. f4 Bb2 37. a4 Nxa4 38. R1xd3 Rxc4 39. g3 Nc5 40.
Rd2 Bc3 41. Rd8+ Kh7 42. Re2 Bf6 43. Rc8 Kg6 44. Re6 b5 45. Rec6 b4 46. f5+ Kg5
47. Rxa6 b3 48. Ra5 b2 49. Rb5 Rc1+ 50. Kg2 Ne4 51. h4+ Kg4 0-1

[Event "East Lansing (MI Am/1)"]
[Site "?"]
[Date "1992.??.??"]
[Round "?"]
[White "Anderson, M."]
[Black "Harrison, T."]
[Result "1-0"]
[WhiteElo "1680"]
[BlackElo "1605"]
[PlyCount "79"]
[EventDate "1992.??.??"]

1. e4 c5 2. Nf3 Nc6 3. Bb5 a6 4. Bxc6 bxc6 5. O-O e6 6. Nc3 d5 7. d4 cxd4 8.
Nxd4 Bd7 9. exd5 cxd5 10. Re1 Bc5 11. Bf4 Nf6 12. Rb1 Qb6 13. Be5 Be7 14. Nf5
exf5 15. Bxf6 gxf6 16. Nxd5 Qa7 17. Nxe7 Be6 18. Nxf5 Rd8 19. Ng7+ Ke7 20. Qf3
Rhg8 21. Nxe6 fxe6 22. Qf5 Rg6 23. Rxe6+ Kf7 24. Rxf6+ Kg7 25. Rxg6+ hxg6 26.
Qe5+ Kh7 27. Re1 Rd7 28. g3 Rf7 29. Re2 Qd7 30. Qe6 Qd1+ 31. Kg2 Kg8 32. Qe4
Kf8 33. Qd3 Qc1 34. Qxg6 Qxb2 35. Qh6+ Rg7 36. Qh8+ Kf7 37. Qe8+ Kf6 38. Qe6+
Kg5 39. h4+ Kh5 40. Qf5+ 1-0

[Event "East Lansing (MI Am/1)"]
[Site "?"]
[Date "1992.??.??"]
[Round "?"]
[White "Anderson, Jonathan"]
[Black "McCarter, Robert"]
[Result "0-1"]
[WhiteElo "1605"]
[BlackElo "1720"]
[PlyCount "96"]
[EventDate "1992.??.??"]

1. Nf3 Nf6 2. d4 e6 3. Nc3 Bb4 4. Bd2 O-O 5. a3 Be7 6. e4 d6 7. Bd3 b6 8. O-O
Bb7 9. Re1 Nbd7 10. e5 dxe5 11. Nxe5 Nxe5 12. dxe5 Nd5 13. Be4 Nxc3 14. Bxc3
Bxe4 15. Rxe4 Qxd1+ 16. Rxd1 Rfd8 17. Red4 Rxd4 18. Rxd4 Rd8 19. Rxd8+ Bxd8 20.
f4 c5 21. Kf2 Kf8 22. Ke3 Ke7 23. b4 cxb4 24. Bxb4+ Kd7 25. Kd4 Kc6 26. c4 a6
27. g4 g6 28. g5 Bc7 29. h4 Bb8 30. c5 Ba7 31. a4 bxc5+ 32. Bxc5 Bxc5+ 33. Ke4
Bf2 34. Kf3 Bxh4 35. Ke2 Kc5 36. Ke3 Kb4 37. Kd4 Bf2+ 38. Kd3 Kxa4 39. Kc4 a5
40. Kc3 Kb5 41. Kb3 a4+ 42. Ka3 Bc5+ 43. Ka2 Kc4 44. Kb2 a3+ 45. Ka2 Kc3 46.
Ka1 Kb3 47. Kb1 a2+ 48. Ka1 Bd4# 0-1

[Event "East Lansing (MI Am/4)"]
[Site "?"]
[Date "1992.??.??"]
[Round "?"]
[White "Anderson, Jonathan"]
[Black "Cooper, G."]
[Result "1-0"]
[WhiteElo "1605"]
[BlackElo "1605"]
[PlyCount "51"]
[EventDate "1992.??.??"]

1. Nf3 Nf6 2. g3 b6 3. Bg2 Bb7 4. d3 e6 5. O-O Bxf3 6. Bxf3 d5 7. e4 Nbd7 8.
Bf4 e5 9. Bg5 h6 10. Bxf6 Nxf6 11. exd5 Nxd5 12. c4 Nf6 13. Bxa8 Qxa8 14. Re1
Bd6 15. d4 e4 16. d5 h5 17. Nc3 Bb4 18. Qb3 a5 19. a3 Bc5 20. Nxe4 Nxe4 21.
Rxe4+ Kd8 22. Qc3 Rg8 23. b4 axb4 24. axb4 Bxf2+ 25. Kxf2 Qc8 26. Qe5 1-0

[Event "Detroit (MI Op/7/31)"]
[Site "?"]
[Date "1992.??.??"]
[Round "?"]
[White "Anderson, JA."]
[Black "Triplett, Thomas"]
[Result "1/2-1/2"]
[WhiteElo "1810"]
[BlackElo "1915"]
[PlyCount "107"]
[EventDate "1992.??.??"]

{7/(31)} 1. e4 c5 2. Nf3 d6 3. d4 cxd4 4. Nxd4 Nf6 5. Nc3 a6 6. Be2 e5 7. Nf3
Be7 8. O-O O-O 9. h3 b5 10. a3 Bb7 11. Bd3 Nbd7 12. Be3 Rc8 13. Re1 Qc7 14. Qd2
Nb6 15. Bxb6 Qxb6 16. Rad1 Rfe8 17. Qe3 Qxe3 18. Rxe3 Rc7 19. Re2 Rec8 20. Kf1
Kf8 21. Ke1 Rc5 22. Kf1 Nd7 23. Rde1 g6 24. Nd1 Nb6 25. c3 f6 26. Nd2 R5c7 27.
Ne3 Na4 28. Nb3 Nc5 29. Nxc5 dxc5 30. Rd1 Rd8 31. Red2 Rcd7 32. Ke2 Bc6 33. f3
Ke8 34. g4 Bf8 35. Bc2 Rxd2+ 36. Rxd2 Rxd2+ 37. Kxd2 Bh6 38. Ke2 Bxe3 39. Kxe3
g5 40. b4 cxb4 41. cxb4 Kd8 42. Bb3 Kc7 43. Bg8 h6 44. Bb3 Kd6 45. Ba2 Be8 46.
Bb3 Kc6 47. Bd5+ Kb6 48. Bb3 Kc7 49. Ba2 Kd6 50. Bb3 Bd7 51. Ba2 Kc6 52. Bd5+
Kb6 53. Bb3 a5 54. Ba2 1/2-1/2

[Event "Detroit (MI Op/3/38)"]
[Site "?"]
[Date "1992.??.??"]
[Round "?"]
[White "Anderson, JA."]
[Black "Grams, Paul"]
[Result "1-0"]
[WhiteElo "1810"]
[BlackElo "1890"]
[PlyCount "69"]
[EventDate "1992.??.??"]

{3/(38)} 1. e4 c5 2. Nf3 Nc6 3. d4 cxd4 4. Nxd4 Nf6 5. Nc3 d6 6. Be2 Qb6 7. Nb3
e6 8. Be3 Qd8 9. Qd2 Be7 10. O-O O-O 11. Rad1 b6 12. f4 Bb7 13. Bf3 Ba6 14.
Rfe1 Rc8 15. Qf2 Ne8 16. Rd2 Qc7 17. Red1 Bf6 18. Nd4 Bxd4 19. Bxd4 Na5 20. b3
e5 21. Nd5 Qb7 22. fxe5 dxe5 23. Bxe5 Nc6 24. Ba1 f5 25. e5 Qb8 26. e6 Bb7 27.
Re1 b5 28. Qh4 a5 29. Bh5 Qa7+ 30. Kh1 Qc5 31. Bxe8 Rcxe8 32. Qg5 Re7 33. Nxe7+
Qxe7 34. Qxe7 Nxe7 35. Rd7 1-0

[Event "Detroit (MI Op/6/25)"]
[Site "?"]
[Date "1992.??.??"]
[Round "?"]
[White "Anderson, JA."]
[Black "Brattin, Vincent"]
[Result "0-1"]
[WhiteElo "1810"]
[BlackElo "1940"]
[PlyCount "82"]
[EventDate "1992.??.??"]

{6/(25)} 1. e4 c6 2. d4 d5 3. e5 Bf5 4. Nf3 e6 5. Bd3 Bxd3 6. Qxd3 Nd7 7. O-O
Qc7 8. c3 Ne7 9. Nbd2 c5 10. Ng5 cxd4 11. cxd4 h6 12. Nh3 O-O-O 13. Nb3 Nc6 14.
Bd2 b6 15. Rfc1 Kb7 16. a4 a6 17. Rc2 Ndb8 18. Nf4 Qd7 19. Rac1 Be7 20. a5 b5
21. Nc5+ Bxc5 22. Rxc5 Rc8 23. b4 f5 24. Ng6 Rhd8 25. h4 Ne7 26. Nf4 Rxc5 27.
Rxc5 Nec6 28. Qe3 g5 29. hxg5 hxg5 30. Nd3 f4 31. Qh3 Qe7 32. Nxf4 gxf4 33.
Bxf4 Rf8 34. Bd2 Nxd4 35. Qe3 Qh4 36. Bc3 Rh8 37. f3 Nf5 38. Rxb5+ axb5 39.
Qb6+ Ka8 40. a6 Qe7 41. Qxb5 Qa7+ 0-1

[Event "Detroit (MI Op/4/28)"]
[Site "?"]
[Date "1992.??.??"]
[Round "?"]
[White "Anderson, JA."]
[Black "Ball, Ed"]
[Result "1/2-1/2"]
[WhiteElo "1810"]
[BlackElo "1945"]
[PlyCount "68"]
[EventDate "1992.??.??"]

{4/(28)} 1. e4 f5 2. exf5 Nf6 3. d4 d5 4. Bd3 c5 5. c3 e6 6. fxe6 Be7 7. Qe2
O-O 8. Nf3 Nc6 9. O-O Qb6 10. dxc5 Bxc5 11. b4 Bd6 12. Be3 Qc7 13. Bg5 Nd8 14.
Bf5 g6 15. Bh3 Ne4 16. Bh6 Re8 17. Qd3 Bxe6 18. Bxe6+ Nxe6 19. Qxd5 Nf6 20. Qb3
Ng4 21. Re1 Bxh2+ 22. Kf1 Nxh6 23. Rxe6 Rxe6 24. Qxe6+ Kf8 25. Qf6+ Nf7 26.
Nbd2 Bf4 27. Nd4 Re8 28. N2f3 Qc4+ 29. Kg1 Be5 30. Nxe5 Rxe5 31. a4 Re8 32. Nb5
Re6 33. Qf3 a6 34. Nd4 Re7 1/2-1/2

[Event "Lansing (Apr)"]
[Site "?"]
[Date "1992.??.??"]
[Round "?"]
[White "Anderson, Gale"]
[Black "Pirochta, T."]
[Result "0-1"]
[WhiteElo "1770"]
[BlackElo "1895"]
[PlyCount "64"]
[EventDate "1992.??.??"]

1. d4 c5 2. Nf3 cxd4 3. Qxd4 Nc6 4. Qh4 d5 5. e3 Nf6 6. Bd2 Bf5 7. c3 e6 8. Bb5
a6 9. Bxc6+ bxc6 10. Nd4 Bxb1 11. Rxb1 Qc7 12. f3 Be7 13. Qf2 O-O 14. O-O c5
15. Ne2 a5 16. b3 Bd6 17. Kh1 Rfb8 18. g3 Ra7 19. c4 a4 20. Nc3 axb3 21. Nb5
bxa2 22. Rbc1 Rxb5 23. cxb5 Be5 24. e4 a1=Q 25. Rxa1 Rxa1 26. Rxa1 Bxa1 27. Bf4
Bd4 28. Qa2 Qb7 29. Qa5 h6 30. Qa6 Qxa6 31. bxa6 c4 32. Be5 Ba7 0-1

[Event "Flint (Class C/5)"]
[Site "?"]
[Date "1992.??.??"]
[Round "?"]
[White "Anderson, D."]
[Black "Waltz, Glenn"]
[Result "1-0"]
[WhiteElo "1605"]
[BlackElo "1605"]
[PlyCount "55"]
[EventDate "1992.??.??"]

1. e4 e6 2. d4 d5 3. Nc3 Bb4 4. e5 Ne7 5. Bd2 Nbc6 6. a3 Bxc3 7. Bxc3 O-O 8.
Nf3 Ng6 9. Bd2 h6 10. Bd3 Nce7 11. g4 Nh8 12. h4 f5 13. exf6 Rxf6 14. Ne5 Neg6
15. f4 Nxf4 16. Bxf4 Rxf4 17. Qd2 Qf6 18. O-O-O c6 19. h5 b6 20. Nxc6 Bb7 21.
Ne5 Rf2 22. Qe1 Qf4+ 23. Kb1 Kf8 24. Rf1 Rxf1 25. Qb4+ Ke8 26. Rxf1 Qxf1+ 27.
Bxf1 Rd8 28. Bb5+ 1-0

[Event "Lansing (Aug)"]
[Site "?"]
[Date "1992.??.??"]
[Round "?"]
[White "Anderson, D."]
[Black "Waite, Lawrence"]
[Result "1-0"]
[WhiteElo "1605"]
[BlackElo "1605"]
[PlyCount "49"]
[EventDate "1992.??.??"]

1. e4 c5 2. Nf3 d6 3. d4 cxd4 4. Nxd4 Nc6 5. Be3 Nf6 6. Nc3 e6 7. Bc4 Be7 8.
Qe2 O-O 9. Bb3 Nxd4 10. Bxd4 a6 11. O-O-O b5 12. g4 Nd7 13. Rhg1 Qc7 14. g5 Nc5
15. e5 Nxb3+ 16. axb3 d5 17. g6 h6 18. Qh5 fxg6 19. Rxg6 Bg5+ 20. Kb1 Bb7 21.
Rg1 Rf5 22. h4 Bd2 23. Qg4 Rf7 24. Qxe6 Raf8 25. Rxg7+ 1-0

[Event "Lansing (Aug)"]
[Site "?"]
[Date "1992.??.??"]
[Round "?"]
[White "Anderson, D."]
[Black "Shelters, Richard"]
[Result "0-1"]
[WhiteElo "1605"]
[BlackElo "1605"]
[PlyCount "76"]
[EventDate "1992.??.??"]

1. e4 e5 2. Nf3 d6 3. c3 Nf6 4. d3 Bg4 5. Be3 Nc6 6. Be2 Be7 7. Nbd2 Qd7 8. O-O
O-O 9. h3 Bh5 10. Nh2 Bg6 11. f4 exf4 12. Bxf4 Rad8 13. Ng4 Nxg4 14. Bxg4 f5
15. exf5 Bxf5 16. Bxf5 Rxf5 17. Qe2 Rdf8 18. Bg3 d5 19. Rxf5 Rxf5 20. d4 Rg5
21. Bh4 Rg6 22. Nf3 h6 23. Re1 Bxh4 24. Nxh4 Rg5 25. Qf3 Ne7 26. Re3 c6 27. Qe2
Nf5 28. Nxf5 Qxf5 29. Re7 Qxh3 30. Rxb7 Qf5 31. Re7 Qb1+ 32. Qe1 Qxb2 33. Re2
Qb7 34. Qc1 Qf7 35. Qe3 Qg6 36. Qe8+ Kh7 37. Qe3 Rh5 38. Re1 Qc2 0-1

[Event "Flint (Class C/4)"]
[Site "?"]
[Date "1992.??.??"]
[Round "?"]
[White "Anderson, D."]
[Black "Robinson, Erik"]
[Result "0-1"]
[WhiteElo "1605"]
[BlackElo "1605"]
[PlyCount "80"]
[EventDate "1992.??.??"]

1. e4 Nf6 2. Nc3 c6 3. d4 d5 4. exd5 cxd5 5. Nf3 Nc6 6. Be2 Bf5 7. O-O a6 8. a3
e6 9. Na2 Bd6 10. b3 Na5 11. b4 Nc4 12. Bxc4 dxc4 13. c3 Qc7 14. h3 h5 15. Bg5
Nd5 16. Qd2 f6 17. Nh4 Bh7 18. Be3 g5 19. Nf3 g4 20. Nh4 gxh3 21. g3 Rg8 22.
Kh2 Rg4 23. Rg1 Rxh4 24. Rae1 O-O-O 25. Bh6 Bf5 26. Nc1 Rg4 27. Ne2 h4 28. Ref1
Bd3 29. Re1 Re4 30. Nf4 hxg3+ 31. fxg3 Rxe1 32. Nxd5 Rxg1 33. Nxc7 Rg2+ 34.
Qxg2 hxg2 35. Kxg2 Be4+ 36. Kf2 Kxc7 37. Ke3 Bd3 38. Bg7 f5 39. Be5 Rg8 40. Kf4
Rg4+ 0-1